000 01166nam a22002297a 4500
999 _c56888
_d56888
003 Ge_BSU
005 20190611202440.0
008 190610b2018 ge ||||| |||| 00| 0 geo d
020 _a9789941957499
041 _ageo
080 _a28 +396 გ-30
100 _aგელოვანი, ნანი
_92344
245 _aქალი ისლამში ( X – XVI სს.) = Woman in islam /
_cნანი გელოვანი ; ივ. ჯავახიშვილის სახ. თბილ. სახელმწ. უნ-ტი;
_b[მონოგრაფია]
264 _aთბილისი :
_bაკადემიური წიგნი,
_c2018.
300 _a284 გვ. ;
_c21 სმ.
504 _aბიბლიოგრ.: გვ. 250-281 და ტექსტის შენიშვნებში.
520 _aრეზიუმე ინგლ. ენაზე.
653 _aისლამი
653 _aქალთა საკითხი
710 _92328
_aივანე ჯავახიშვილის სახ. თბილისის სახელმწ. უნ-ტი
942 _2udc
_cBK